Οι εξερευνητές ένας αιώνας ανακαλύψεων, εκατό χρόνια εντυπωσιακής ιστορίας και σημαντικών αποστολών
Αναφέρεται στις ανακαλυψεις του Εθνικού Γεωγραφικού Οργανισμού που έγιναν επί ένα αιώνα
Αποθηκεύτηκε σε:
| Συγγραφή απο Οργανισμό/Αρχή: | |
|---|---|
| Άλλοι συγγραφείς: | |
| Μορφή: | Βίντεο DVD |
| Γλώσσα: | English Greek |
| Δημοσίευση: |
[Washington D.C.] : Αθήνα :
National Geographic Society, [Δημοσιογραφικός Οργανισμός Λαμπράκη],
c2007
|
| Σειρά: | National Geographic Video
|
| Θέματα: | |
| Ετικέτες: |
Προσθήκη ετικέτας
Δεν υπάρχουν, Καταχωρήστε ετικέτα πρώτοι!
|
MARC
| LEADER | 00000 gm a2200000 i 4500 | ||
|---|---|---|---|
| 001 | 1/48117 | ||
| 007 | vd cgai | ||
| 008 | 070713s2007 us eng d | ||
| 035 | |l 10088830 | ||
| 040 | |a GR-MY-UA |b gre |e aacr | ||
| 041 | 0 | |a eng |j gre | |
| 082 | 0 | |a 910.9 |2 (22) | |
| 245 | 1 | 3 | |a Οι εξερευνητές |h [μαγνητοσκόπηση] : |b ένας αιώνας ανακαλύψεων, εκατό χρόνια εντυπωσιακής ιστορίας και σημαντικών αποστολών / |c παραγωγή: Nicolas Noxon ; National Geographic Society |
| 260 | |a [Washington D.C.] : |a Αθήνα : |b National Geographic Society, |b [Δημοσιογραφικός Οργανισμός Λαμπράκη], |c c2007 | ||
| 300 | |a 1 βιντεοδίσκος (90 λεπτ.); |b ομιλ., έγχρ.; |c 4 3/4 ίν. | ||
| 490 | 1 | |a National Geographic Video | |
| 508 | |a Παραγωγή του National Geographic Special απο την National Geographic Society και WQED/Pittsburgh; Δυνατότης παραγωγής απο την CHEVRON; Εκτέλεση παραγωγής Dennis B. Kane, Thomas Skinner | ||
| 511 | |a Αφηγητής: Αλέκος Δραγώνας | ||
| 520 | |a Αναφέρεται στις ανακαλυψεις του Εθνικού Γεωγραφικού Οργανισμού που έγιναν επί ένα αιώνα | ||
| 538 | |a DVD format | ||
| 650 | 0 | 0 | |a Discoveries in geography. |
| 650 | 0 | 0 | |a Explorers. |
| 700 | 0 | |a Noxon, Nicholas. | |
| 710 | 2 | |a National Geographic Society (U.S.) | |
| 830 | 0 | |a National Geographic Video | |
| 852 | |a INST |b CHIOS |c AV |e 20070713 |h 910.9 ΕΞΕ |p 005200026156 |q 005200026156 |t DVD |y 23 | ||
| 901 | |a BIBL2-2007-2 | ||
| 909 | |a Χ |b 131124 | ||
| 922 | |a 2ΕΛΗ |b 2007 |c ΚΕΝΤΡΙΚΗ ΒΙΒΛΙΟΘΗΚΗ |d ΧΑΡΤΣΙΑΣ | ||
| 970 | |a ΧΑΖΙΡΗ |b ΑΝΝΑ |z 2007/07/13 | ||